Color and meaning : (Record no. 353082)
[ view plain ]
| 000 -LEADER | |
|---|---|
| fixed length control field | 01144 a2200313 4500 |
| 003 - CONTROL NUMBER IDENTIFIER | |
| control field | OSt |
| 005 - DATE AND TIME OF LATEST TRANSACTION | |
| control field | 20180116192355.0 |
| 008 - FIXED-LENGTH DATA ELEMENTS--GENERAL INFORMATION | |
| fixed length control field | 120607t xxu||||| |||| 00| 0 eng d |
| 010 ## - LIBRARY OF CONGRESS CONTROL NUMBER | |
| LC control number | 99211607 |
| 020 ## - INTERNATIONAL STANDARD BOOK NUMBER | |
| International Standard Book Number | 0520220390 |
| 020 ## - INTERNATIONAL STANDARD BOOK NUMBER | |
| International Standard Book Number | 9780500282151 |
| 035 ## - SYSTEM CONTROL NUMBER | |
| System control number | (DLC) 99211607 |
| 035 ## - SYSTEM CONTROL NUMBER | |
| System control number | (OCoLC)41254268 |
| 040 ## - CATALOGING SOURCE | |
| Transcribing agency | 0 |
| 082 00 - DEWEY DECIMAL CLASSIFICATION NUMBER | |
| Classification number | 701.85 |
| 100 1# - MAIN ENTRY--PERSONAL NAME | |
| Personal name | Gage, John. |
| 9 (RLIN) | 4294 |
| 245 10 - TITLE STATEMENT | |
| Title | Color and meaning : |
| Remainder of title | art, science, and symbolism / |
| Statement of responsibility, etc. | John Gage. |
| 246 3# - VARYING FORM OF TITLE | |
| Title proper/short title | Colour and meaning |
| 260 ## - PUBLICATION, DISTRIBUTION, ETC. | |
| Place of publication, distribution, etc. | Berkeley ; |
| -- | Los Angeles : |
| Name of publisher, distributor, etc. | University of California Press, |
| Date of publication, distribution, etc. | c1999. |
| 300 ## - PHYSICAL DESCRIPTION | |
| Extent | 320 p. : |
| Other physical details | ill. (some col.) ; |
| Dimensions | 27 cm. |
| 500 ## - GENERAL NOTE | |
| General note | Published by arrangement with Thames and Hudson. |
| 650 10 - SUBJECT ADDED ENTRY--TOPICAL TERM | |
| Topical term or geographic name entry element | Color in art. |
| 9 (RLIN) | 4295 |
| 650 10 - SUBJECT ADDED ENTRY--TOPICAL TERM | |
| Topical term or geographic name entry element | Color |
| General subdivision | Psychological aspects. |
| 9 (RLIN) | 4296 |
| 650 10 - SUBJECT ADDED ENTRY--TOPICAL TERM | |
| Topical term or geographic name entry element | Color. |
| 9 (RLIN) | 4297 |
| 856 42 - ELECTRONIC LOCATION AND ACCESS | |
| Materials specified | Contributor biographical information |
| Uniform Resource Identifier | <a href="http://www.loc.gov/catdir/bios/ucal052/99211607.html">http://www.loc.gov/catdir/bios/ucal052/99211607.html</a> |
| 856 42 - ELECTRONIC LOCATION AND ACCESS | |
| Materials specified | Publisher description |
| Uniform Resource Identifier | <a href="http://www.loc.gov/catdir/description/ucal042/99211607.html">http://www.loc.gov/catdir/description/ucal042/99211607.html</a> |
| 942 ## - ADDED ENTRY ELEMENTS (KOHA) | |
| Institution code [OBSOLETE] | SADA |
| Koha item type | Book |
| Call number prefix | 701.85 GAG 1999 |
| Source of classification or shelving scheme | |
| Withdrawn status | Lost status | Source of classification or shelving scheme | Damaged status | Not for loan | Permanent Location | Current Location | Date acquired | Total Checkouts | Full call number | Barcode | Date last seen | Copy number | Cost, replacement price | Price effective from | Koha item type | Date last checked out |
|---|---|---|---|---|---|---|---|---|---|---|---|---|---|---|---|---|
| School of Art Design and Architecture (SADA) | School of Art Design and Architecture (SADA) | 06/06/2011 | 701.85 GAG 1999 | SADA0001223 | 08/05/2011 | 01 | 1970.00 | 08/05/2011 | Book | |||||||
| School of Art Design and Architecture (SADA) | School of Art Design and Architecture (SADA) | 06/06/2011 | 1 | 701.85 GAG 1999 | SADA0001224 | 10/08/2012 | 02 | 1970.00 | 08/05/2011 | Book | 10/01/2012 |
